Elaboración de un plan de manejo de desechos para una planta distribuidora de gas
Guardado en:
| Hovedforfatter: | |
|---|---|
| Andre forfattere: | |
| Format: | Bog |
| Udgivet: |
San José, Costa Rica
2010
|
| Fag: | |
| Tags: |
Tilføj Tag
Ingen Tags, Vær først til at tagge denne postø!
|
MARC
| LEADER | 00000nam a2200000Ia 4500 | ||
|---|---|---|---|
| 003 | 010543 | ||
| 005 | 20240404093645.0 | ||
| 008 | 140114s2010 cr a 000 | s d | ||
| 040 | |c cru CEDI | ||
| 090 | |a TFG 6382 | ||
| 100 | |a Marín Guzmán, María Noelia, 1984- |9 2874 | ||
| 245 | |a Elaboración de un plan de manejo de desechos para una planta distribuidora de gas | ||
| 260 | |a San José, Costa Rica |c 2010 | ||
| 500 | |a Proyecto de graduación (licenciatura en ingeniería química)--Universidad de Costa Rica. Facultad de Ingeniería. Escuela de Ingeniería Química | ||
| 501 | |a Director de Proyecto de Graduación: M.Sc. Hernán Camacho Soto | ||
| 650 | |x RESIDUOS INDUSTRIALES |x MANIPULACION |x ASPECTOS LEGALES |x TROPIGAS (COSTA RICA) |x EDUCACION AMBIENTAL |x PROGRAMAS |x BASURAS Y APROVECHAMIENTO DE BASURAS |x DISPOSICION DE RESIDUOS |x GAS LICUADO DE PETROLEO |x TRATAMIENTO DE RESIDUOS |x APROVECHAMIENTO DE RESIDUOS |x GESTION AMBIENTAL |9 2505 | ||
| 700 | |a Camacho Soto, Hernán, 1951-2021 |d Director del TFG |9 1965 | ||
| 942 | |c TFG |h TFG 6382 |i 010543 |6 TFG_6382_010543000000000 | ||
| 999 | |c 15809 |d 15809 | ||
